000 00981cam a2200217 4500
001 WB3730-05
008 010802n2001 000 0 eng u
035 _a(Sirsi) u113903
245 _aIncrease investment in property
260 _c2001
490 _aProperty Week
_v66(30) 27 July 2001, 16(1)
520 _aA poll by Morgan Stanley has shown that the majority of institutions believe they should be investing in property more, with the correct weighting between 5%-15%; property has also produced the best returns recently. Yet the latest IPD figures show that institutional net investment in property fell to £1bn in the first quarter of 2000, down from £1.9bn in the preceding quarter.
590 _aWB
650 _aINSTITUTIONAL INVESTMENT
650 _aINVESTMENT PORTFOLIOS
650 _aINSTITUTIONS
650 _aREAL ESTATE
650 _aPROPERTY YIELDS
690 _aPROPERTY-COMMERCIAL PROPERTY-COMMERCIAL PROPERTY FINANCE AND INVESTMENT
942 _n0
999 _c67867
_d67867